<?xml version="1.0" encoding="UTF-8"?>
<record
    xmlns:xsi="http://www.w3.org/2001/XMLSchema-instance"
    xsi:schemaLocation="http://www.loc.gov/MARC21/slim http://www.loc.gov/standards/marcxml/schema/MARC21slim.xsd"
    xmlns="http://www.loc.gov/MARC21/slim">

  <leader>00238nam a2200097Ia 4500</leader>
  <controlfield tag="008">230915s9999    xx            000 0 und d</controlfield>
  <datafield tag="050" ind1=" " ind2=" ">
    <subfield code="a">QE.28.2.H65 1978</subfield>
  </datafield>
  <datafield tag="100" ind1=" " ind2=" ">
    <subfield code="a">HOLME A.</subfield>
  </datafield>
  <datafield tag="245" ind1=" " ind2="0">
    <subfield code="a">HOLMES PRINCIPLE OF PHYSICAL GEOLOGY</subfield>
  </datafield>
  <datafield tag="942" ind1=" " ind2=" ">
    <subfield code="c">BK</subfield>
  </datafield>
  <datafield tag="999" ind1=" " ind2=" ">
    <subfield code="c">62860</subfield>
    <subfield code="d">62860</subfield>
  </datafield>
  <datafield tag="952" ind1=" " ind2=" ">
    <subfield code="0">0</subfield>
    <subfield code="1">0</subfield>
    <subfield code="2">lcc</subfield>
    <subfield code="4">0</subfield>
    <subfield code="7">0</subfield>
    <subfield code="8">SCT</subfield>
    <subfield code="a">KSUL</subfield>
    <subfield code="b">KSUL</subfield>
    <subfield code="c">DISPLAY</subfield>
    <subfield code="d">2024-09-04</subfield>
    <subfield code="i">183</subfield>
    <subfield code="l">0</subfield>
    <subfield code="o">QE 28.2 .H65 1978</subfield>
    <subfield code="p">014804</subfield>
    <subfield code="r">2024-09-04 09:37:27</subfield>
    <subfield code="t">C.5</subfield>
    <subfield code="w">2024-09-04</subfield>
    <subfield code="y">BK</subfield>
  </datafield>
  <datafield tag="952" ind1=" " ind2=" ">
    <subfield code="0">0</subfield>
    <subfield code="1">0</subfield>
    <subfield code="2">lcc</subfield>
    <subfield code="4">0</subfield>
    <subfield code="7">0</subfield>
    <subfield code="8">SCT</subfield>
    <subfield code="a">KSUL</subfield>
    <subfield code="b">KSUL</subfield>
    <subfield code="c">DISPLAY</subfield>
    <subfield code="d">2024-09-04</subfield>
    <subfield code="i">4173/87</subfield>
    <subfield code="l">0</subfield>
    <subfield code="o">QE 28.2 .H65 1978</subfield>
    <subfield code="p">014747</subfield>
    <subfield code="r">2024-09-04 09:37:27</subfield>
    <subfield code="t">C.9</subfield>
    <subfield code="w">2024-09-04</subfield>
    <subfield code="y">BK</subfield>
  </datafield>
  <datafield tag="952" ind1=" " ind2=" ">
    <subfield code="0">0</subfield>
    <subfield code="1">0</subfield>
    <subfield code="2">lcc</subfield>
    <subfield code="4">0</subfield>
    <subfield code="7">0</subfield>
    <subfield code="8">SCT</subfield>
    <subfield code="a">KSUL</subfield>
    <subfield code="b">KSUL</subfield>
    <subfield code="c">DISPLAY</subfield>
    <subfield code="d">2024-09-04</subfield>
    <subfield code="i">189</subfield>
    <subfield code="l">0</subfield>
    <subfield code="o">QE 28.2 .H65 1978</subfield>
    <subfield code="p">014805</subfield>
    <subfield code="r">2024-09-04 09:37:27</subfield>
    <subfield code="t">C.6</subfield>
    <subfield code="w">2024-09-04</subfield>
    <subfield code="y">BK</subfield>
  </datafield>
  <datafield tag="952" ind1=" " ind2=" ">
    <subfield code="0">0</subfield>
    <subfield code="1">0</subfield>
    <subfield code="2">lcc</subfield>
    <subfield code="4">0</subfield>
    <subfield code="7">0</subfield>
    <subfield code="8">SCT</subfield>
    <subfield code="a">KSUL</subfield>
    <subfield code="b">KSUL</subfield>
    <subfield code="c">DISPLAY</subfield>
    <subfield code="d">2024-09-04</subfield>
    <subfield code="i">4184/87</subfield>
    <subfield code="l">0</subfield>
    <subfield code="o">QE 28.2 .H65 1978</subfield>
    <subfield code="p">014808</subfield>
    <subfield code="r">2024-09-04 09:37:27</subfield>
    <subfield code="t">C.11</subfield>
    <subfield code="w">2024-09-04</subfield>
    <subfield code="y">BK</subfield>
  </datafield>
  <datafield tag="952" ind1=" " ind2=" ">
    <subfield code="0">0</subfield>
    <subfield code="1">0</subfield>
    <subfield code="2">lcc</subfield>
    <subfield code="4">0</subfield>
    <subfield code="7">0</subfield>
    <subfield code="8">SCT</subfield>
    <subfield code="a">KSUL</subfield>
    <subfield code="b">KSUL</subfield>
    <subfield code="c">DISPLAY</subfield>
    <subfield code="d">2024-09-04</subfield>
    <subfield code="i">4193/87</subfield>
    <subfield code="l">0</subfield>
    <subfield code="o">QE 28.2 .H65 1978</subfield>
    <subfield code="p">014806</subfield>
    <subfield code="r">2024-09-04 09:37:27</subfield>
    <subfield code="t">C.10</subfield>
    <subfield code="w">2024-09-04</subfield>
    <subfield code="y">BK</subfield>
  </datafield>
  <datafield tag="952" ind1=" " ind2=" ">
    <subfield code="0">0</subfield>
    <subfield code="1">0</subfield>
    <subfield code="2">lcc</subfield>
    <subfield code="4">0</subfield>
    <subfield code="7">0</subfield>
    <subfield code="8">SCT</subfield>
    <subfield code="a">KSUL</subfield>
    <subfield code="b">KSUL</subfield>
    <subfield code="c">DISPLAY</subfield>
    <subfield code="d">2024-09-04</subfield>
    <subfield code="i">4183/87</subfield>
    <subfield code="l">0</subfield>
    <subfield code="o">QE 28.2 .H65 1978</subfield>
    <subfield code="p">014807</subfield>
    <subfield code="r">2024-09-04 09:37:27</subfield>
    <subfield code="t">C.39</subfield>
    <subfield code="w">2024-09-04</subfield>
    <subfield code="y">BK</subfield>
  </datafield>
  <datafield tag="952" ind1=" " ind2=" ">
    <subfield code="0">0</subfield>
    <subfield code="1">0</subfield>
    <subfield code="2">lcc</subfield>
    <subfield code="4">0</subfield>
    <subfield code="7">0</subfield>
    <subfield code="8">SCT</subfield>
    <subfield code="a">KSUL</subfield>
    <subfield code="b">KSUL</subfield>
    <subfield code="c">DISPLAY</subfield>
    <subfield code="d">2024-09-04</subfield>
    <subfield code="i">4189/87</subfield>
    <subfield code="l">0</subfield>
    <subfield code="o">QE 28.2 .H65 1978</subfield>
    <subfield code="p">014809</subfield>
    <subfield code="r">2024-09-04 09:37:27</subfield>
    <subfield code="t">C.24</subfield>
    <subfield code="w">2024-09-04</subfield>
    <subfield code="y">BK</subfield>
  </datafield>
</record>
